| 000 | 00763nam a2200277 a 4500 | ||
|---|---|---|---|
| 999 |
_c12159 _d12159 |
||
| 001 | 12159 | ||
| 003 | BD-JhCC | ||
| 005 | 20210322091219.0 | ||
| 008 | 210322b19862020ii a|||| |||| 001 0 eng d | ||
| 020 | _a9789387788640 | ||
| 035 | _a(BD-JhCC)12159 | ||
| 040 |
_aBD-JhCC _dBD-JhCC |
||
| 041 | _aeng | ||
| 082 |
_a668.9 _bGOW 2020 |
||
| 100 | _aGowariker, V R | ||
| 245 |
_aPolymer science / _cV R Gowariker, N V Viswanathan and Jayadev Sreedhar |
||
| 250 | _a3rd ed. | ||
| 260 |
_aNew Delhi : _bNew Age International, _c2020 [reprint]. |
||
| 300 |
_axv, 395 p. : _btwo colour _c23 cm. |
||
| 504 | _aIncludes index. | ||
| 650 | _aPolymerization | ||
| 650 | _aPolymers | ||
| 700 | _aViswanathan, N V | ||
| 700 | _aSreedhar, Jayadev | ||
| 942 |
_2ddc _cBK |
||